Islamic banking regulation and supervision : a case study of Jordan /
Saved in:
| 主要作者: | |
|---|---|
| 格式: | Thesis |
| 語言: | English |
| 出版: |
Loughborough, Leicestershire :
University of Loughborough,
2004
|
| 主題: | |
| 標簽: |
添加標簽
沒有標簽, 成為第一個標記此記錄!
|
| LEADER | 012070000a22002770004500 | ||
|---|---|---|---|
| 008 | 111109t2004 xxk f 000 0 eng d | ||
| 040 | |a UIAM |b eng | ||
| 043 | |a e-uk--- | ||
| 050 | 0 | 0 | |a HG3361.A6 |
| 100 | 1 | |a Abdel Al, Qasem |9 113931 | |
| 245 | 1 | 0 | |a Islamic banking regulation and supervision : |b a case study of Jordan / |c by Qasem Abdel Al |
| 260 | |a Loughborough, Leicestershire : |b University of Loughborough, |c 2004 | ||
| 300 | |a 291 p. : |b ill. ; |c 30 cm. | ||
| 336 | |2 rdacontent | ||
| 337 | |2 rdamedia | ||
| 338 | |2 rdacarrier | ||
| 500 | |a "A thesis submitted in partial fulfilment of the requirements for the award of Doctor of Philosophy of Loughborough University." -- On t. p. | ||
| 502 | |a Thesis (Ph. D.) -- University of Loughborough, 2004 | ||
| 504 | |a Includes bibliographical references (leaves 274-291). | ||
| 650 | 0 | |a Banks and banking, Islamic |9 2310 | |
| 650 | 0 | |a Banks and banking |z Jordan |9 26473 | |
| 655 | 0 | 7 | |a Theses, Facsimile edition (Islamic) |9 113932 |
| 900 | |a hj-ls-nbm | ||
| 942 | |2 lcc |n 0 | ||
| 999 | |c 434314 |d 463177 | ||
| 952 | |0 0 |6 TI HG 003361 A6 A135I 2004 |7 0 |8 THESES |9 756830 |a IIUM |b IIUM |c MULTIMEDIA |g 640.00 |o ti HG 3361 A6 A135I 2004 |p 00011203907 |r 2017-10-23 |t 1 |v 640.00 |y THESIS | ||
